[Event "ICS Rated blitz match"]
[Site "204.178.125.65"]
[Date "2000.02.14"]
[Round "?"]
[White "Hossa"]
[Black "Tinker"]
[Result "1/2-1/2"]
[WhiteElo "2388"]
[BlackElo "2398"]
[PlyCount "266"]

1. e4 e5 2. Nf3 Nf6 3. Nxe5 Qe7 4. d4 d6 5. Nf3 Qxe4+ 6. Be2 Bf5 7. c4 Be7 8.
Nc3 Qc2 9. Qxc2 Bxc2 10. O-O O-O 11. Re1 Re8 12. Be3 Bf5 13. Nh4 Bd7 14. Bd3
Nc6 15. Nf3 Nb4 16. Bb1 Na6 17. Ng5 Rab8 18. Nce4 h6 19. Nxf6+ Bxf6 20. Ne4 Bh4
21. Nc3 Bf6 22. Be4 Bg4 23. f3 Bd7 24. Nd5 Bh4 25. g3 Bd8 26. Nc3 Nb4 27. a3
Nc6 28. b3 Ne7 29. Bf4 Ng6 30. Bxg6 Rxe1+ 31. Rxe1 fxg6 32. Re4 Kf7 33. Kg2 Bf6
34. Nd5 g5 35. Bd2 Bd8 36. Re1 b5 37. Ba5 c6 38. Bxd8 Rxd8 39. Nc3 bxc4 40.
bxc4 Re8 41. Ne4 Re6 42. Rb1 d5 43. cxd5 cxd5 44. Nc5 Re2+ 45. Kf1 Bf5 46. Kxe2
Bxb1 47. Nd7 Ke7 48. Ne5 Kd6 49. a4 a5 50. Kd2 Bf5 51. Kc3 Bc8 52. Kb2 Ke6 53.
Kb3 Kd6 54. Kc2 Be6 55. Kb2 Bf5 56. g4 Bd7 57. Kb3 Be8 58. Nd3 g6 59. Ne5 Ke7
60. Ka3 Kd6 61. Nd3 Kc7 62. f4 gxf4 63. Nxf4 Kd6 64. Nd3 g5 65. Ne5 Kc7 66. Kb3
Kd6 67. h3 Ke6 68. Nd3 Kd7 69. Ka3 Kc7 70. Nc5 Kb6 71. Kb3 Kc6 72. Kc3 Kb6 73.
Kd2 Bc6 74. Ke2 Kc7 75. Kf3 Kd6 76. Kf2 Be8 77. Kg3 Ke7 78. h4 gxh4+ 79. Kxh4
Kd6 80. Kh3 Bg6 81. Kg3 Kc7 82. Kf4 Kd6 83. g5 hxg5+ 84. Kxg5 Be8 85. Kf4 Bc6
86. Kf5 Ba8 87. Kg4 Bc6 88. Kf4 Be8 89. Ke3 Bc6 90. Ke2 Kc7 91. Kf2 Kd6 92. Kf3
Ke7 93. Kg3 Kd6 94. Kg4 Ke7 95. Kf5 Kd6 96. Kf6 Be8 97. Kg5 Bc6 98. Kg6 Be8+
99. Kf6 Bh5 100. Kg7 Kc7 101. Kh6 Bd1 102. Kg5 Kd6 103. Kh4 Kc6 104. Kg3 Kd6
105. Kf4 Bc2 106. Kf3 Kc6 107. Ke3 Kc7 108. Kf4 Kd6 109. Kg4 Bg6 110. Nb7+ Kc7
111. Nxa5 Bc2 112. Kf4 Kb6 113. Ke5 Kxa5 114. Kxd5 Bxa4 115. Ke5 Kb4 116. d5
Bd7 117. d6 Kc5 118. Kf4 Kd5 119. Kg3 Ke4 120. Kh2 Kf3 121. Kg1 Ke3 122. Kh2
Kf2 123. Kh1 Kg3 124. Kg1 Kf3 125. Kh1 Ke3 126. Kh2 Kd3 127. Kg3 Ke3 128. Kh2
Kf4 129. Kg1 Kg3 130. Kh1 Kf3 131. Kh2 Ke4 132. Kg3 Ke5 133. Kh2 Kd4 1/2-1/2

[Event "ICS Rated blitz match"]
[Site "204.178.125.65"]
[Date "2000.02.14"]
[Round "?"]
[White "Tinker"]
[Black "Hossa"]
[Result "0-1"]
[WhiteElo "2398"]
[BlackElo "2388"]
[PlyCount "130"]

1. e4 e5 2. Nf3 Nc6 3. Bb5 Nf6 4. Bxc6 dxc6 5. O-O Bg4 6. d3 Bd6 7. Be3 O-O 8.
Nbd2 Qe7 9. Nc4 b6 10. Nxd6 cxd6 11. Qe2 d5 12. exd5 Nxd5 13. h3 Bxf3 14. Qxf3
Rad8 15. Qg3 Rfe8 16. Bg5 f6 17. Bd2 Nb4 18. Rfc1 a5 19. Bxb4 Qxb4 20. Qf3 Rd6
21. b3 Qc3 22. Qe3 c5 23. a3 Qb2 24. Qe4 Rde6 25. Qf5 g6 26. Qe4 Qc3 27. Kf1 f5
28. Qc4 Qxc4 29. dxc4 Rd6 30. Re1 e4 31. Ke2 Red8 32. Kf1 Rd2 33. Ra2 g5 34.
Rb2 Kf7 35. Re3 h5 36. Re1 Kf6 37. g3 Rh8 38. Re2 Rxe2 39. Kxe2 h4 40. gxh4
Rxh4 41. b4 Rxh3 42. bxa5 bxa5 43. Rb6+ Ke5 44. Rb5 Rxa3 45. Rxc5+ Kf4 46. Rb5
a4 47. Ra5 Rc3 48. Rxa4 Rxc2+ 49. Ke1 e3 50. fxe3+ Kxe3 51. Kd1 Rc3 52. Ra5
Rxc4 53. Rxf5 g4 54. Re5+ Kf4 55. Rh5 Re4 56. Rh4 Kf3 57. Rh1 g3 58. Rf1+ Kg2
59. Rf8 Kg1 60. Rh8 g2 61. Kd2 Kf2 62. Rg8 Kf3 63. Rxg2 Kxg2 64. Kc2 Re3 65.
Kd2 Kf2 0-1

[Event "ICS Rated blitz match"]
[Site "204.178.125.65"]
[Date "2000.02.14"]
[Round "?"]
[White "Hossa"]
[Black "Amateur"]
[Result "1/2-1/2"]
[WhiteElo "2404"]
[BlackElo "2486"]
[PlyCount "58"]

1. e4 Nf6 2. e5 Nd5 3. d4 d6 4. c4 Nb6 5. exd6 cxd6 6. h3 Bf5 7. Nf3 Nc6 8. Bd3
Bxd3 9. Qxd3 e6 10. Nc3 Be7 11. d5 Nb4 12. Qe2 Qc8 13. a3 Na6 14. b3 exd5 15.
Bg5 f6 16. Be3 dxc4 17. Bxb6 axb6 18. Nd5 Qd8 19. bxc4 Nc5 20. Nd4 Kf7 21. Nf5
Bf8 22. O-O g6 23. Nfe3 Bg7 24. Rfb1 Ra6 25. Ra2 Re8 26. Nb4 Ra8 27. Nbd5 Ra6
28. Nb4 Ra8 29. Nbd5 Ra6 1/2-1/2

[Event "ICS Rated blitz match"]
[Site "204.178.125.65"]
[Date "2000.02.14"]
[Round "?"]
[White "Amateur"]
[Black "Hossa"]
[Result "1-0"]
[WhiteElo "2482"]
[BlackElo "2408"]
[PlyCount "159"]

1. e4 e5 2. Nf3 Nc6 3. Bc4 Nf6 4. Ng5 d5 5. exd5 Na5 6. Bb5+ c6 7. dxc6 bxc6 8.
Qf3 Rb8 9. Bxc6+ Nxc6 10. Qxc6+ Nd7 11. d4 Be7 12. h4 exd4 13. Qd5 Bb4+ 14. Bd2
Qe7+ 15. Kd1 O-O 16. Qxd4 Bc5 17. Qd3 g6 18. h5 h6 19. Ne4 Re8 20. Re1 Ne5 21.
Qd5 Bb4 22. hxg6 Be6 23. gxf7+ Bxf7 24. Qd4 Red8 25. Qe3 Rb6 26. Kc1 Nc4 27.
Qg3+ Rg6 28. Bxb4 Qxb4 29. Qc3 Qxc3 30. Nbxc3 Rxg2 31. b3 Nd6 32. Rd1 Nb7 33.
Rxd8+ Nxd8 34. Kb2 Kg7 35. Rd1 Nc6 36. Rd6 Nb8 37. f4 h5 38. f5 h4 39. Rd3 Nc6
40. Ka3 Rxc2 41. Rh3 Nd4 42. f6+ Kg6 43. Rxh4 Rg2 44. Kb4 Rg1 45. Rh2 Rf1 46.
Rg2+ Kh6 47. Rh2+ Kg6 48. Kc5 Ne6+ 49. Kc6 Nd4+ 50. Kb7 a5 51. Rd2 Nf3 52. Rg2+
Kh6 53. Kb6 Rc1 54. Rg3 Ne5 55. Kxa5 Rf1 56. Rh3+ Kg6 57. Rg3+ Kh6 58. Rg2 Nd7
59. Rd2 Nxf6 60. Rd6 Rf5+ 61. Kb6 Kg7 62. Nxf6 Rxf6 63. Rxf6 Kxf6 64. b4 Ke5
65. Kc5 Be6 66. a4 Kf4 67. a5 Bc8 68. b5 Ke3 69. Nd5+ Kf3 70. a6 Ke2 71. Kc6
Bf5 72. a7 Be4 73. a8=Q Kf1 74. Qa2 Kg1 75. b6 Kf1 76. b7 Bf3 77. b8=Q Be2 78.
Qf4+ Kg1 79. Qxe2 Kh1 80. Qff1# 1-0

[Event "ICS Rated blitz match"]
[Site "204.178.125.65"]
[Date "2000.02.14"]
[Round "?"]
[White "Hossa"]
[Black "REALIZE"]
[Result "1-0"]
[WhiteElo "2395"]
[BlackElo "2217"]
[PlyCount "50"]

1. e4 c5 2. Nf3 Nc6 3. d4 cxd4 4. Nxd4 Nf6 5. Nc3 e6 6. Ndb5 d6 7. Bf4 e5 8.
Bg5 a6 9. Bxf6 gxf6 10. Na3 Be6 11. Bc4 Nd4 12. Nd5 b5 13. Bb3 Nxb3 14. axb3
Rg8 15. Nxb5 Bxd5 16. Qxd5 Rc8 17. Rxa6 Rxg2 18. Nxd6+ Bxd6 19. Rxd6 Qc7 20.
Rxf6 Rd8 21. Qc6+ Qxc6 22. Rxc6 Ra8 23. Ke2 Ra2 24. Kf3 Rg5 25. h4 Rh5 1-0

[Event "ICS Rated blitz match"]
[Site "204.178.125.65"]
[Date "2000.02.14"]
[Round "?"]
[White "Hossa"]
[Black "PostModernist"]
[Result "0-1"]
[WhiteElo "2403"]
[BlackElo "2580"]
[PlyCount "146"]

1. e4 c5 2. Nf3 d6 3. d4 Nf6 4. Nc3 cxd4 5. Nxd4 e6 6. Bc4 a6 7. O-O b5 8. Bd3
Bb7 9. Bd2 Be7 10. Qf3 O-O 11. Rad1 Nbd7 12. Rfe1 b4 13. Nce2 d5 14. exd5 Ne5
15. Qe3 Nxd3 16. Qxd3 Qxd5 17. Nf4 Qd6 18. c4 bxc3 19. bxc3 Rfd8 20. Rb1 Rab8
21. g3 Nd7 22. a4 Bf6 23. a5 e5 24. Nf5 Qc6 25. Rxb7 Rxb7 26. Nd5 Qe6 27. c4
Nc5 28. Qf3 e4 29. Qg4 g6 30. Bg5 Rxd5 31. cxd5 Qxd5 32. Nh6+ Kg7 33. Bxf6+
Kxf6 34. Qf4+ Kg7 35. Ng4 Qd4 36. Qh6+ Kg8 37. Qc1 Rb3 38. Nh6+ Kg7 39. Qg5 Kf8
40. Rc1 Rb5 41. Qf4 Kg7 42. Ng4 Rxa5 43. Ne5 Qd5 44. Ng4 Qe6 45. Qg5 Rb5 46.
Qh6+ Kg8 47. Qg5 Nd3 48. Nf6+ Kf8 49. Qh6+ Ke7 50. Ng8+ Ke8 51. Rf1 Rf5 52. h3
Rf3 53. Qxh7 e3 54. Qh8 e2 55. Nf6+ Ke7 56. Ng8+ Kd7 57. Qd4+ Ke8 58. Nf6+ Rxf6
59. Qxd3 e1=Q 60. Rxe1 Qxe1+ 61. Qf1 Qxf1+ 62. Kxf1 a5 63. Ke2 a4 64. Kd1 a3
65. Kc2 Rb6 66. f4 a2 67. f5 a1=Q 68. Kd3 Rb3+ 69. Ke4 Qa4+ 70. Ke5 Rb5+ 71.
Kf6 Qd4+ 72. Kg5 Rxf5+ 73. Kh6 Rh5# 0-1

[Event "ICS rated bullet match"]
[Site "204.178.125.65"]
[Date "2000.02.14"]
[Round "?"]
[White "strangersa"]
[Black "Hossa"]
[Result "0-1"]
[WhiteElo "2117"]
[BlackElo "2484"]
[PlyCount "86"]

1. e4 e5 2. Ne2 Nf6 3. Nbc3 Nc6 4. d3 Bc5 5. Bg5 Bxf2+ 6. Kxf2 Ng4+ 7. Ke1 Qxg5
8. Ng3 Nxh2 9. Nf5 Nxf1 10. Kxf1 g6 11. Nh4 Nd4 12. Nf3 Nxf3 13. Qxf3 c6 14.
Ke2 d5 15. Raf1 Bg4 16. Rh3 Bxf3+ 17. Rhxf3 d4 18. Nd1 Qxg2+ 19. R1f2 Qg4 20.
Kf1 f5 21. exf5 gxf5 22. Ke1 f4 23. Kd2 Kd7 24. c3 c5 25. cxd4 cxd4 26. b3 h5
27. Nb2 h4 28. Nc4 Ke6 29. Rf1 Raf8 30. R3f2 b5 31. Na5 Kd5 32. Re2 h3 33. Rfe1
Rf5 34. Re4 Qg2+ 35. R1e2 Qf1 36. Re1 Qf3 37. R1e2 h2 38. Nb7 h1=Q 39. Nc5 Kxc5
40. Rxe5+ Rxe5 41. Rxe5+ Kd6 42. Re2 Qxe2+ 43. Kxe2 Rh2# 0-1

[Event "ICS rated bullet match"]
[Site "204.178.125.65"]
[Date "2000.02.14"]
[Round "?"]
[White "strangersa"]
[Black "Hossa"]
[Result "0-1"]
[WhiteElo "2111"]
[BlackElo "2490"]
[PlyCount "108"]

1. e3 e5 2. Ne2 d5 3. d3 Nf6 4. Nd2 Be7 5. g3 O-O 6. Bg2 Nc6 7. O-O Bg4 8. c3
Qd7 9. f3 Bh3 10. Rf2 Bxg2 11. Rxg2 Qh3 12. Qf1 Rad8 13. g4 h5 14. g5 Nh7 15.
g6 fxg6 16. Rg3 Qxf1+ 17. Kxf1 Bg5 18. Kf2 Bh4 19. b3 Bxg3+ 20. hxg3 Nf6 21.
Ba3 Rf7 22. Bc5 b6 23. Ba3 Ng4+ 24. Kg1 Nxe3 25. Rc1 e4 26. f4 exd3 27. Nd4
Nxd4 28. cxd4 Nc2 29. Bb2 c5 30. Nf3 cxd4 31. Nxd4 Nxd4 32. Bxd4 g5 33. Rd1
gxf4 34. Rxd3 f3 35. Kf2 Rdf8 36. Be3 Rf5 37. Bf4 g5 38. Be3 Re8 39. Bd4 Re2+
40. Kf1 Rxa2 41. Rd1 g4 42. Bf2 Rc2 43. Re1 Kf7 44. Rd1 Re5 45. Bd4 Ree2 46.
Rb1 b5 47. Rd1 a5 48. Ra1 Ke6 49. b4 axb4 50. Rd1 Kf5 51. Ra1 Rh2 52. Bc5 Rh1+
53. Bg1 f2 54. Kg2 fxg1=Q# 0-1

[Event "ICS rated bullet match"]
[Site "204.178.125.65"]
[Date "2000.02.14"]
[Round "?"]
[White "Hossa"]
[Black "strangersa"]
[Result "1-0"]
[WhiteElo "2493"]
[BlackElo "2108"]
[PlyCount "61"]

1. e4 d6 2. d4 Bd7 3. Nf3 g6 4. Bd3 Bg7 5. O-O c6 6. Be3 Nf6 7. c4 O-O 8. Nc3
b6 9. e5 dxe5 10. Nxe5 Ne8 11. Re1 Be6 12. Rb1 Qc8 13. Bf4 Nd7 14. Nf3 Ndf6 15.
Bg5 Nd6 16. Qe2 h6 17. Bf4 Nb7 18. Bxg6 fxg6 19. Qxe6+ Qxe6 20. Rxe6 Nd6 21.
Bxd6 exd6 22. Rxd6 Rac8 23. Ne5 g5 24. Nxc6 Ne8 25. Ne7+ Kh7 26. Nxc8 Nxd6 27.
Nxd6 Bxd4 28. Nde4 Re8 29. Rd1 Bc5 30. Nf6+ Kg6 31. Nxe8 1-0

[Event "ICS rated bullet match"]
[Site "204.178.125.65"]
[Date "2000.02.14"]
[Round "?"]
[White "strangersa"]
[Black "Hossa"]
[Result "0-1"]
[WhiteElo "2105"]
[BlackElo "2496"]
[PlyCount "42"]

1. e3 e5 2. Ne2 d5 3. b3 Nf6 4. Bb2 Nc6 5. d3 Bb4+ 6. Nd2 O-O 7. c3 Be7 8. Qc2
a5 9. a4 Ra6 10. Ba3 Bxa3 11. Rxa3 Qd6 12. Ra1 g6 13. g3 Bf5 14. Bg2 Qd7 15. h4
d4 16. e4 dxc3 17. Nxc3 Nb4 18. Qd1 Nxd3+ 19. Kf1 Qd4 20. Qe2 Bg4 21. f3 Nh5
0-1

[Event "ICS rated bullet match"]
[Site "204.178.125.65"]
[Date "2000.02.14"]
[Round "?"]
[White "Hossa"]
[Black "strangersa"]
[Result "1-0"]
[WhiteElo "2474"]
[BlackElo "2127"]
[PlyCount "61"]

1. e4 d6 2. d4 e6 3. Nf3 Be7 4. Bd3 Nd7 5. O-O Ngf6 6. Bg5 O-O 7. Nbd2 h6 8.
Be3 b6 9. c3 c5 10. Qc2 Bb7 11. Rac1 Rc8 12. e5 Nd5 13. Bh7+ Kh8 14. exd6 Bxd6
15. Nc4 Bb8 16. Bd3 b5 17. Nce5 Nxe5 18. dxe5 c4 19. Be4 Qc7 20. Bd4 Ne7 21.
Bxb7 Qxb7 22. Rfd1 Rcd8 23. Bc5 Rxd1+ 24. Rxd1 Re8 25. Bxe7 Qxe7 26. Qd2 Kh7
27. Qd7 g6 28. Qxb5 Qc7 29. Qxe8 Kg7 30. Rd8 Qd7 31. Qg8# 1-0

[Event "ICS rated bullet match"]
[Site "204.178.125.65"]
[Date "2000.02.14"]
[Round "?"]
[White "strangersa"]
[Black "Hossa"]
[Result "1-0"]
[WhiteElo "2123"]
[BlackElo "2478"]
[PlyCount "99"]

1. e4 e5 2. d3 Nf6 3. Ne2 Be7 4. c4 d6 5. Nbc3 O-O 6. h3 Nc6 7. Be3 Bd7 8. g3
Re8 9. Bg2 Qc8 10. h4 Ng4 11. Bd2 Nd4 12. f3 Nf6 13. Nxd4 exd4 14. Ne2 c5 15.
O-O Bh3 16. Nf4 Bxg2 17. Kxg2 a6 18. Nd5 Nxd5 19. cxd5 b5 20. b3 c4 21. Rc1 c3
22. Be1 a5 23. Rc2 Qc7 24. f4 f5 25. Qf3 fxe4 26. dxe4 Rad8 27. Qd3 Qc5 28. Bf2
Bf6 29. Re1 Rf8 30. g4 Rf7 31. g5 Be7 32. Bxd4 Qc8 33. Kg3 b4 34. Rf2 Rdf8 35.
f5 Qd7 36. Ref1 Qe8 37. Qf3 Bd8 38. Qg4 Qe7 39. h5 Bc7 40. g6 hxg6 41. hxg6 Rf6
42. Bxf6 Qxf6 43. Qf3 Qg5+ 44. Qg4 Qf6 45. Rh1 Qe5+ 46. Rf4 c2 47. Qh5 Qc3+ 48.
Kg4 Qf3+ 49. Kxf3 Re8 50. Qh8# 1-0

[Event "ICS rated bullet match"]
[Site "204.178.125.65"]
[Date "2000.02.14"]
[Round "?"]
[White "Hossa"]
[Black "strangersa"]
[Result "1-0"]
[WhiteElo "2450"]
[BlackElo "2151"]
[PlyCount "35"]

1. e4 c6 2. d4 d6 3. Nf3 g6 4. Bd3 Bg7 5. Nbd2 e6 6. O-O b6 7. Nc4 Ne7 8. Bf4
d5 9. Nd6+ Kf8 10. Ng5 Qd7 11. Ndxf7 Ba6 12. Nxh8 Bxh8 13. Bxb8 Rxb8 14. Qf3+
Ke8 15. Qf7+ Kd8 16. Nxe6+ Kc8 17. Bxa6+ Rb7 18. Qf8+ 1-0

[Event "ICS rated bullet match"]
[Site "204.178.125.65"]
[Date "2000.02.14"]
[Round "?"]
[White "strangersa"]
[Black "Hossa"]
[Result "0-1"]
[WhiteElo "2146"]
[BlackElo "2455"]
[PlyCount "72"]

1. e3 e5 2. Be2 Nf6 3. b3 d5 4. Bb2 Bd6 5. d3 O-O 6. Nd2 Nbd7 7. c3 c6 8. Qc2
Re8 9. f3 b5 10. b4 a5 11. a3 Qb6 12. d4 exd4 13. exd4 axb4 14. axb4 Rxa1+ 15.
Bxa1 Bf4 16. Kd1 Qa6 17. Bb2 Be3 18. Nh3 Nb6 19. Re1 Bxh3 20. gxh3 Qc8 21. Bf1
Qe6 22. Re2 Nh5 23. Bc1 Nf4 24. Re1 Nxh3 25. Bxh3 Qxh3 26. Nf1 Qxf3+ 27. Qe2
Qe4 28. Qxe3 Qg4+ 29. Qe2 Rxe2 30. Rxe2 f5 31. Be3 Nc4 32. Bf2 Qg2 33. Ke1 Qh3
34. Ne3 Qxh2 35. Nxf5 Qh1+ 36. Bg1 Qxg1# 0-1

[Event "ICS rated bullet match"]
[Site "204.178.125.65"]
[Date "2000.02.14"]
[Round "?"]
[White "Hossa"]
[Black "strangersa"]
[Result "1-0"]
[WhiteElo "2460"]
[BlackElo "2141"]
[PlyCount "49"]

1. e4 d6 2. d4 c6 3. Bd3 Bd7 4. Nf3 e6 5. O-O Be7 6. Be3 Nf6 7. c4 b6 8. Nc3 a6
9. e5 dxe5 10. Nxe5 h6 11. Qf3 Qc7 12. Qg3 Bf8 13. Nxd7 Qxd7 14. Na4 Qb7 15. d5
Nbd7 16. dxe6 fxe6 17. Bg6+ Kd8 18. Rfd1 Be7 19. Nxb6 Rf8 20. Rxd7+ Nxd7 21.
Rd1 Rf6 22. Nxd7 Qxd7 23. Bb6+ Kc8 24. Rxd7 Rxg6 25. Qc7# 1-0

[Event "ICS rated bullet match"]
[Site "204.178.125.65"]
[Date "2000.02.14"]
[Round "?"]
[White "strangersa"]
[Black "Hossa"]
[Result "0-1"]
[WhiteElo "2137"]
[BlackElo "2464"]
[PlyCount "68"]

1. e3 e5 2. d3 d5 3. f3 Nf6 4. Ne2 Bd6 5. g3 O-O 6. Bg2 Nc6 7. O-O Re8 8. Nd2
Bc5 9. Nb3 Bb6 10. c3 a5 11. d4 a4 12. Nc5 Bxc5 13. dxc5 Qe7 14. b4 axb3 15.
Qxb3 Qxc5 16. Kh1 b6 17. a4 Ba6 18. Ba3 Qxe3 19. Rfe1 Bxe2 20. Qc2 Bd3 21. Rxe3
Bxc2 22. Bb2 Rxa4 23. Kg1 Rxa1+ 24. Bxa1 Ra8 25. Re1 Ra2 26. Bf1 Na5 27. Bb5 c6
28. Bf1 Nb3 29. c4 Rxa1 30. cxd5 Rxe1 31. dxc6 Nd2 32. c7 Rxf1+ 33. Kg2 Bf5 34.
c8=Q+ Bxc8 0-1

[Event "ICS rated bullet match"]
[Site "204.178.125.65"]
[Date "2000.02.14"]
[Round "?"]
[White "Hossa"]
[Black "strangersa"]
[Result "1-0"]
[WhiteElo "2468"]
[BlackElo "2133"]
[PlyCount "113"]

1. e4 c6 2. d4 d6 3. Nf3 g6 4. Bd3 Bg7 5. Nbd2 Nd7 6. O-O b5 7. a4 bxa4 8. Rxa4
Bb7 9. Nb3 Ngf6 10. e5 Nd5 11. Na5 Qc7 12. exd6 exd6 13. Nxb7 Qxb7 14. Re1+ Kf8
15. c3 N7b6 16. Ra5 Re8 17. Rxe8+ Kxe8 18. c4 Nb4 19. Qe1+ Kf8 20. Qxb4 Bf6 21.
Qxd6+ Be7 22. Qe5 f6 23. Bh6+ Ke8 24. Qe6 Qd7 25. Qe3 Kf7 26. Ra6 Re8 27. Qf4
Qd6 28. Rxa7 Qxf4 29. Bxf4 Ke6 30. Rc7 Nd7 31. Rxc6+ Kf7 32. Rc7 Nf8 33. b4 Ne6
34. Rxe7+ Rxe7 35. Bd6 Rd7 36. c5 Nd8 37. b5 Ke6 38. Bc4+ Kf5 39. Bf8 Ne6 40.
g4+ Kf4 41. Bxe6 Rd8 42. Be7 Re8 43. Bxf6 Rxe6 44. Ne5 Rxf6 45. b6 Rf7 46. Nxf7
Ke4 47. c6 Kxd4 48. b7 Kc5 49. c7 Kd4 50. Kg2 Ke4 51. Kg3 Kd3 52. f4 Ke2 53.
b8=Q Kd3 54. Qd8+ Kc4 55. c8=Q+ Kb3 56. Qb6+ Ka4 57. Qca6# 1-0

[Event "ICS rated bullet match"]
[Site "204.178.125.65"]
[Date "2000.02.14"]
[Round "?"]
[White "strangersa"]
[Black "Hossa"]
[Result "0-1"]
[WhiteElo "2129"]
[BlackElo "2472"]
[PlyCount "96"]

1. e3 e5 2. Ne2 d5 3. d3 Nf6 4. Nd2 Be7 5. c3 O-O 6. b3 Nc6 7. Bb2 Bf5 8. g3
Bxd3 9. Bg2 Qd7 10. Nf3 Be4 11. O-O Qg4 12. Nh4 Bxg2 13. Kxg2 Rad8 14. f3 Qh5
15. Kg1 Qh6 16. Qc1 Bc5 17. Ng2 Qh3 18. b4 Bb6 19. a4 a6 20. Kh1 a5 21. Ng1 Qh5
22. b5 Ne7 23. g4 Qg5 24. h3 Qh6 25. f4 Nxg4 26. Qe1 exf4 27. exf4 Bxg1 28.
Kxg1 Qxh3 29. Qh4 Qxh4 30. Nxh4 Rfe8 31. Rfe1 Nc8 32. Nf3 Re4 33. Rxe4 dxe4 34.
Nd4 Nb6 35. Nf5 Nc4 36. Nd4 Nxb2 37. Rb1 Nxa4 38. Re1 Nxc3 39. Rxe4 Nxe4 40.
Kg2 Rxd4 41. Kf3 Nd2+ 42. Kxg4 Rd3 43. Kf5 Rd5+ 44. Kg4 Rc5 45. f5 Re5 46. Kf4
Re4+ 47. Kg5 Nf3+ 48. Kh5 Rh4# 0-1

[Event "ICS rated bullet match"]
[Site "204.178.125.65"]
[Date "2000.02.14"]
[Round "?"]
[White "strangersa"]
[Black "Hossa"]
[Result "0-1"]
[WhiteElo "2121"]
[BlackElo "2480"]
[PlyCount "56"]

1. e4 e5 2. Nf3 Nc6 3. Bb5 Nf6 4. Bxc6 dxc6 5. d3 Bd6 6. h3 O-O 7. O-O Be6 8.
Be3 Qe7 9. Re1 b6 10. Nbd2 Rad8 11. c4 c5 12. Qc2 c6 13. b3 Bc7 14. a4 Qd6 15.
Ng5 Bc8 16. d4 cxd4 17. f4 dxe3 18. Ndf3 Qc5 19. Qe2 exf4 20. e5 Bxe5 21. Nxe5
Qxe5 22. Nf3 Qc3 23. Rad1 Qxb3 24. Nd4 Qa3 25. Nxc6 Rxd1 26. Rxd1 Bd7 27. Ne7+
Qxe7 28. Kh1 Bxa4 0-1

[Event "ICS rated bullet match"]
[Site "204.178.125.65"]
[Date "2000.02.14"]
[Round "?"]
[White "Hossa"]
[Black "strangersa"]
[Result "1-0"]
[WhiteElo "2484"]
[BlackElo "2117"]
[PlyCount "39"]

1. e4 d6 2. d4 Bd7 3. Nf3 e6 4. Bd3 Be7 5. O-O c6 6. Be3 a5 7. Nbd2 Na6 8. c3
Nc7 9. Nc4 b5 10. Nb6 Rb8 11. Nxd7 Qxd7 12. Qd2 Nf6 13. a4 b4 14. c4 c5 15.
dxc5 dxc5 16. Rfd1 O-O 17. e5 Nce8 18. exf6 Nxf6 19. Bxh7+ Kxh7 20. Qc2+ 1-0

[Event "ICS rated bullet match"]
[Site "204.178.125.65"]
[Date "2000.02.14"]
[Round "?"]
[White "Hossa"]
[Black "strangersa"]
[Result "1-0"]
[WhiteElo "2458"]
[BlackElo "2143"]
[PlyCount "113"]

1. e4 d6 2. d4 c6 3. Bd3 Nd7 4. Nf3 e6 5. O-O g6 6. Bf4 Bg7 7. Bxd6 Ne7 8. Nbd2
Nb6 9. Bb4 a5 10. Bxe7 Qxe7 11. c3 O-O 12. Qb3 Nd7 13. a4 Rb8 14. Rad1 b6 15.
Rfe1 Nf6 16. Ne5 Bd7 17. f4 Ne8 18. Nxd7 Qxd7 19. g3 Nd6 20. e5 Nc8 21. Nc4 Rd8
22. Nxa5 Ra8 23. Nc4 Rb8 24. a5 b5 25. Ne3 Ne7 26. a6 Nd5 27. Nxd5 cxd5 28. Ra1
Ra8 29. Qxb5 Qc7 30. Qb7 Qxb7 31. axb7 Rab8 32. Ra7 Bf8 33. Rea1 Rd7 34. Ba6
Rdd8 35. Bb5 Be7 36. Kg2 Kg7 37. Kf3 h6 38. g4 g5 39. fxg5 hxg5 40. Bc6 Kg6 41.
R1a2 Kg7 42. R2a4 Kg6 43. Ra1 Kg7 44. R1a2 Kg6 45. R2a5 Kg7 46. Ra8 Bf8 47.
R5a7 Be7 48. b3 f6 49. Rxb8 Rxb8 50. Bd7 fxe5 51. dxe5 Rxb7 52. Rxb7 Kf7 53.
Ra7 Kf8 54. Bxe6 Kg7 55. Rxe7+ Kg6 56. Bf5+ Kh6 57. Rh7# 1-0

[Event "ICS rated bullet match"]
[Site "204.178.125.65"]
[Date "2000.02.14"]
[Round "?"]
[White "strangersa"]
[Black "Hossa"]
[Result "0-1"]
[WhiteElo "2139"]
[BlackElo "2462"]
[PlyCount "28"]

1. e3 e5 2. Ne2 d5 3. c3 Bd6 4. d3 Nf6 5. Nd2 O-O 6. b3 Nc6 7. Bb2 Re8 8. Qc2
Bd7 9. f3 e4 10. fxe4 Ng4 11. exd5 Nxe3 12. Qc1 Nxd5 13. c4 Qh4+ 14. Kd1 Ne3#
0-1

[Event "ICS rated bullet match"]
[Site "204.178.125.65"]
[Date "2000.02.14"]
[Round "?"]
[White "strangersa"]
[Black "Hossa"]
[Result "0-1"]
[WhiteElo "2163"]
[BlackElo "2438"]
[PlyCount "84"]

1. e3 e5 2. Be2 Nf6 3. b3 d5 4. Bb2 Bd6 5. d3 O-O 6. Nd2 Nbd7 7. Ngf3 c6 8. O-O
b6 9. h3 Ba6 10. Ne1 Qe7 11. Bf3 Rad8 12. Be2 Rfe8 13. c4 Ba3 14. Qc2 Bxb2 15.
Qxb2 g6 16. Rc1 Rc8 17. a3 Qd6 18. b4 dxc4 19. dxc4 c5 20. b5 Bb7 21. Bf3 Rb8
22. Bxb7 Rxb7 23. Qc2 Rd8 24. Ne4 Qe6 25. Nxf6+ Nxf6 26. e4 Rbd7 27. Nf3 Rd3
28. Rfd1 Rxd1+ 29. Rxd1 Rxd1+ 30. Qxd1 Qxc4 31. Qd8+ Kg7 32. Qd6 Qxb5 33. Qxe5
Qd3 34. Ng5 Qxa3 35. Nf3 Qc1+ 36. Kh2 b5 37. Qd6 Nxe4 38. Qe5+ Nf6 39. Ng5 Qc4
40. f4 h6 41. Nf3 Qc1 42. Qe7 Qxf4+ 0-1

[Event "ICS rated bullet match"]
[Site "204.178.125.65"]
[Date "2000.02.14"]
[Round "?"]
[White "Hossa"]
[Black "strangersa"]
[Result "1-0"]
[WhiteElo "2446"]
[BlackElo "2136"]
[PlyCount "109"]

1. e4 d6 2. d4 e6 3. Nf3 Ne7 4. Be2 Nd7 5. O-O c6 6. Nc3 g6 7. d5 e5 8. dxc6
bxc6 9. Qxd6 Bg7 10. Rd1 O-O 11. Bg5 Re8 12. Bxe7 Rxe7 13. Qxc6 Rb8 14. Rab1
Bb7 15. Qd6 Qe8 16. Bb5 Bc8 17. Qxb8 Nxb8 18. Bxe8 Rxe8 19. Nb5 Nc6 20. Nd6 Rd8
21. Nxc8 Rxc8 22. Rd7 Nd4 23. c3 Nxf3+ 24. gxf3 a5 25. Ra7 Rc5 26. Rd1 Bf8 27.
Rd5 Rc4 28. Rdxa5 Rc6 29. Rxe5 Kg7 30. Rd5 Rb6 31. Rdd7 Rf6 32. Kg2 Bd6 33. b3
Be5 34. c4 g5 35. h3 h5 36. c5 g4 37. fxg4 hxg4 38. hxg4 Rf4 39. f3 Rf6 40. a4
Rh6 41. Rxf7+ Kg8 42. b4 Rh2+ 43. Kg1 Rc2 44. a5 Bd4+ 45. Kh1 Be5 46. g5 Rc1+
47. Kg2 Rc2+ 48. Kh3 Rc1 49. g6 Rh1+ 50. Kg2 Rh2+ 51. Kg1 Bb8 52. Rad7 Bc7 53.
Rxc7 Rd2 54. Rc8+ Rd8 55. Rxd8# 1-0

[Event "ICS rated blitz match"]
[Site "204.178.125.65"]
[Date "2000.02.14"]
[Round "?"]
[White "buzdovan"]
[Black "Hossa"]
[Result "0-1"]
[WhiteElo "2079"]
[BlackElo "2395"]
[PlyCount "84"]

1. e4 e5 2. Nf3 Nc6 3. Bb5 Nf6 4. O-O Bc5 5. Qe2 d6 6. c3 O-O 7. h3 Be6 8. d3
Bb6 9. Ba4 Re8 10. Bg5 h6 11. Be3 Qd7 12. Kh2 Ba5 13. b4 Bb6 14. Nbd2 a5 15. a3
axb4 16. axb4 Bxe3 17. fxe3 Reb8 18. Bb5 b6 19. c4 Rf8 20. Nh4 Rxa1 21. Rxa1
Re8 22. Qf3 Re7 23. Nf5 Bxf5 24. exf5 d5 25. Ra8+ Kh7 26. cxd5 Nxd5 27. f6 Re6
28. Qe4+ g6 29. Nf3 Qd6 30. Bxc6 Nxf6 31. Qc4 e4+ 32. Ne5 Qxe5+ 33. Kg1 exd3
34. e4 d2 35. Rd8 Qa1+ 36. Kh2 d1=Q 37. Rxd1 Qxd1 38. e5 Nd7 39. Bf3 Qe1 40.
Bg4 Nxe5 41. Qxc7 Nxg4+ 42. hxg4 Qh4+ 0-1

[Event "ICS rated blitz match"]
[Site "204.178.125.65"]
[Date "2000.02.14"]
[Round "?"]
[White "Hossa"]
[Black "filth"]
[Result "1-0"]
[WhiteElo "2399"]
[BlackElo "2117"]
[PlyCount "39"]

1. e4 c5 2. Nf3 e6 3. d4 cxd4 4. Nxd4 a6 5. Nc3 Qc7 6. Be2 Bb4 7. Bd2 Nf6 8.
Nf3 Bxc3 9. Bxc3 Nxe4 10. Qd4 Nxf2 11. Qxg7 Rf8 12. Kxf2 Nc6 13. Qxh7 d5 14.
Bg7 Qb6+ 15. Kf1 Bd7 16. Bxf8 Qxb2 17. Bg7 e5 18. Bxe5 Nxe5 19. Qh8+ Ke7 20.
Qxe5+ 1-0

[Event "ICS rated blitz match"]
[Site "204.178.125.65"]
[Date "2000.02.14"]
[Round "?"]
[White "filth"]
[Black "Hossa"]
[Result "0-1"]
[WhiteElo "2112"]
[BlackElo "2404"]
[PlyCount "32"]

1. e4 e5 2. Nf3 Nc6 3. Bb5 Nf6 4. O-O Bc5 5. Nxe5 Nd4 6. Bc4 Qe7 7. Nxf7 d5 8.
Nxh8 Bg4 9. f3 Nxf3+ 10. Kh1 Nxh2 11. Be2 Nxe4 12. Bxg4 Nxf1 13. d4 Qh4+ 14.
Bh3 Neg3+ 15. Kg1 Bxd4+ 16. Qxd4 Qxd4+ 0-1

[Event "ICS rated blitz match"]
[Site "204.178.125.65"]
[Date "2000.02.14"]
[Round "?"]
[White "Hossa"]
[Black "filth"]
[Result "1-0"]
[WhiteElo "2409"]
[BlackElo "2107"]
[PlyCount "43"]

1. e4 e5 2. Nf3 Nc6 3. Bb5 f5 4. Nc3 Nf6 5. exf5 e4 6. Ng5 d5 7. d3 Bb4 8. dxe4
O-O 9. O-O Bxc3 10. bxc3 h6 11. exd5 hxg5 12. dxc6 Qxd1 13. Rxd1 Bxf5 14. cxb7
Rab8 15. Ba3 Rfd8 16. Rxd8+ Rxd8 17. Bc5 Be4 18. Ba6 Rb8 19. Bxa7 Rxb7 20. Bxb7
Bxb7 21. a4 Ne4 22. Bd4 1-0